Представление документа в формате RUSMARC

ПолеНазваниеЗначение
  Тип записи a
  Библиографический уровень a
001 Контрольный номер UONB/MAIN/fc10c2e53d9645348bb95417e0bfee35
005 Дата корректировки 20260428145845.4
100 Данные общей обработки __
a Данные общей обработки 20260428 ||| 0rusy0189 ca
101 Язык документа 0_
a Язык текста rus
102 Страна публикации __
a Страна публикации RU
200 Заглавие и сведения об ответственности 1_
a Заглавие Руководство по контрапункту
203 Вид содержания и тип средства __
a Вид содержания Текст
b Характеристика содержания визуальный
c Тип средства непосредственный
330 Аннотация __
a Аннотация Композитор, теоретик, музыкальный педагог Алексей Владимирович Абутков (1875-1945 гг.) - уроженец села Чеботаевка Буинского уезда. Эмигрировал в Аргентину, где преподавал и создал более 400 музыкальных произведений.
461 Уровень набора _0
1 2000
a Аргументы и факты в Ульяновске
463 Уровень физической единицы _0
1 2000
a № 15 (1683) (15 апреля)
v С. 3
1 2101
d 2026
1 001UONB/MAIN/23e9d38cd8854a87a1d0d786f98a6d6e
600 Персоналии _1
a Персоналии (Фамилия) Абутков, Алексей Владимирович
607 Географические рубрики __
a Географическое наименование Чеботаевка, село (Сурский район ; Ульяновская область)
610 Ключевые слова 0_
a Ключевые слова музыканты; народные консерватории; педагоги; композиторы; выпускники Симбирской классической гимназии
686 Индексы других классификаций __
a Классификационный индекс 0Д1
686 Индексы других классификаций __
a Классификационный индекс 85.313
801 Источник записи _0
a Страна RU
b Организация Ульяновская ОНБ
c Дата составления 20260428
g Правила каталогизации RCR
801 Источник записи _1
a Страна RU
b Организация Ульяновская ОНБ
c Дата составления 20260428
g Правила каталогизации RCR
901 Тип документа __
t Тип документа f
w Контрольный № источника UONB/MAIN/23e9d38cd8854a87a1d0d786f98a6d6e
909 Создатель записи __
a Создатель записи Елягина
b Дата создания записи 20260428